Nobel Peace Prize - sudden death - Statistics

General Stats
  • This quiz has been taken 30 times
  • The average score is 9 of 20
Answers on the Grid
Answers color-coded by a green-red scale on the quiz's grid according to % correct below.
Ronald Reagan
Leo Tolstoy
David Trimble
Lord Baden Powell
Yasser Arafat
Woodrow Wilson
Sean MacBride
Benjamin Disraeli
Robert Donat
Betty Williams
Kofi Annan
Mahatma Gandhi
Nelson Mandela
Orhan Pamuk
Louis Renault
J.M. Coetzee
Glenda Jackson
Theodore Roosevelt
Elon Musk
Boris Yeltsin
Al Gore
Rigoberta Menchu
Jimmy Carter
Margaret Thatcher
Svetlana Alexeivich
Martin Luther King
Mairead Corrigan
John Hume
Luise Rainer
Charles de Gaulle
Mother Teresa
Neville Chamberlain
Malala Yousafzai
Winston Churchill
Patrick Modiano
Albert Schweitzer
Yitzhak Rabin
Barack Obama
Gabriela Garcia Marquez
Kazuo Ishiguro
 
Answer Stats
Answer % Correct
Nelson Mandela
95%
Yasser Arafat
89%
Jimmy Carter
74%
Kofi Annan
74%
Yitzhak Rabin
74%
Mother Teresa
68%
Barack Obama
63%
Martin Luther King
63%
Malala Yousafzai
58%
Al Gore
53%
Theodore Roosevelt
53%
Woodrow Wilson
47%
David Trimble
26%
Rigoberta Menchu
16%
Betty Williams
11%
John Hume
11%
Mairead Corrigan
11%
Albert Schweitzer
5%
Sean MacBride
5%
Louis Renault
0%
No matching quizzes found
Score Distribution
Percent of People with Each Score
Percentile by Number Answered
Your Score History
You have not taken this quiz